000 00290nam a22001337a 4500
008 171020b xxu||||| |||| 00| 0 eng d
020 _a9780130618559
041 _aeng
080 _a338
100 _a54
101 _amng
245 _aENTREPRENEURSHIP
_cBARRINGER, B.R
942 _2udc
_cBK
999 _c35150
_d35150